Electromagnetic Fields / (Record no. 17090)

MARC details
000 -LEADER
fixed length control field 00931pam a2200301 i 4500
001 - CONTROL NUMBER
control field 4751837
003 - CONTROL NUMBER IDENTIFIER
control field EG-ScBUE
005 - DATE AND TIME OF LATEST TRANSACTION
control field 20250629100844.0
008 - FIXED-LENGTH DATA ELEMENTS--GENERAL INFORMATION
fixed length control field 851017t1986 nyua f 001 0 eng d
020 ## - INTERNATIONAL STANDARD BOOK NUMBER
International Standard Book Number 0471811866
020 ## - INTERNATIONAL STANDARD BOOK NUMBER
International Standard Book Number 9780471811862
040 ## - CATALOGING SOURCE
Original cataloging agency EG-ScBUE
Language of cataloging eng
Description conventions rda
Transcribing agency EG-ScBUE
Modifying agency EG-ScBUE
082 04 - DEWEY DECIMAL CLASSIFICATION NUMBER
Classification number 537
Edition number 22
Item number WAN
100 1# - MAIN ENTRY--PERSONAL NAME
Personal name Wangsness, Roald K.,
Relator term author.
9 (RLIN) 31390
245 10 - TITLE STATEMENT
Title Electromagnetic Fields /
Statement of responsibility, etc Roald K. Wangsness, professor of physics, University of Arizona.
250 ## - EDITION STATEMENT
Edition statement Second edition.
264 #1 - PUBLICATION, DISTRIBUTION, ETC. (IMPRINT)
Place of publication, distribution, etc New York :
Name of publisher, distributor, etc John Wiley & Sons,
Date of publication, distribution, etc [1986]
264 #4 - PUBLICATION, DISTRIBUTION, ETC. (IMPRINT)
Date of publication, distribution, etc c1986
300 ## - PHYSICAL DESCRIPTION
Extent xii, 587 pages :
Other physical details illustrations ;
Dimensions 27 cm
336 ## - CONTENT TYPE
Source rdacontent
Content type term text
Content type code txt
337 ## - MEDIA TYPE
Media type term unmediated
Source rdamedia
Media type code n
338 ## - CARRIER TYPE
Carrier type term volume
Carrier type code nc
Source rdacarrier
500 ## - GENERAL NOTE
General note Includes index.
650 #7 - SUBJECT ADDED ENTRY--TOPICAL TERM
Topical term or geographic name as entry element Electromagnetic fields.
9 (RLIN) 31391
Source of heading or term BUEsh
653 ## - INDEX TERM--UNCONTROLLED
Arrived date list November2012
655 ## - INDEX TERM--GENRE/FORM
Form subdivision Reading book
942 ## - ADDED ENTRY ELEMENTS (KOHA)
Source of classification or shelving scheme Dewey Decimal Classification
Koha item type Book - Borrowing
Holdings
Withdrawn status Lost status Source of classification or shelving scheme Damaged status Not for loan Collection code Home library Current library Shelving location Date acquired Source of acquisition Cost, normal purchase price Serial Enumeration / chronology Total Checkouts Total Renewals Full call number Barcode Date last seen Date checked out Koha item type
    Dewey Decimal Classification     Baccah Central Library Central Library First floor 22/11/2012 Purchase 1005.00 16429 1 1 537 WAN 000027816 15/07/2025 22/11/2012 Book - Borrowing